000 00639nam a22002177a 4500
005 20251108173138.0
008 250721s9999 xx 000 0 ara d
020 _a9772840154
082 1 4 _aط/529.2
100 1 _aالحومى، هيام عباس
245 1 0 _aعجائب الأيام /
264 1 _aالقاهرة :
_bأطفالنا،
_c[19-].
490 0 _aالعجائب
_v6
650 1 7 _aالإسلام
650 1 7 _aالأيام
653 _aالعجائب و الغرائب
653 _aأطفال مرحلة متوسطة (6-9 سنوات)
700 1 _aعوض، وائل
_eCart.
942 _2ddc
_cBK
999 _c97106
_d97106